00754nas a2200229 a 4500001001000000003000900010005001700019008004100036040003000077041000800107043000900115245002400124260005600148300002500204310001200229362003700241500006400278650007200342651007800414942001500492999001700507000037309DO-SdBNP20260318102603.0120323c19989999dr mr1p dd 0 0spa d aDO-SdBNPbspacBNPHUerda hspa anwdr00aBoletín cultural. aSanto Domingo :bJunta Municipal de Cultura,c1998. av.- :bil. ;c29 cm. aMensual1 aAño 1. (4 de noviembre, 1998 ) aCatalogación basada en : Año 1. (4 de noviembre, 1998 ) 0aCulturaxPublicaciones periódicas zRepública Dominicana963756 4aRepública DominicanavCIVILIZACIÓNxPublicaciones Periódicas963757 2ddccISSUE c36799d36799